Logo BPK

Biblioteka

Politechniki Koszalińskiej

Wielka encyklopedia PWN. / (Rekord nr 45040)

Szczegóły MARC
000 -ETYKIETA REKORDU
podpole kontrolne o stałej długości 00766nam a2200229 i 4500
001 - NUMER KONTROLNY REKORDU
pole kontrolne bg
020 ## - MIĘDZYNARODOWY ZNORMALIZOWANY NUMER KSIĄŻKI - ISBN
ISBN 830114193X (t. 25)
020 ## - MIĘDZYNARODOWY ZNORMALIZOWANY NUMER KSIĄŻKI - ISBN
ISBN 8301133570 (30 t.)
040 ## - ŹRÓDŁO KATALOGOWANIA
Instytucja, która utworzyła rekord BPK
041 0# - KOD JĘZYKA
Kod języka tekstu pol
080 ## - UNIWERSALNA KLASYFIKACJA DZIESIĘTNA - UKD
UKD 0/9(03)
920 ## - Międzynarodowy znormalizowany numer książki – ISBN
ISBN 83-01-14193-X (t. 25)
920 ## - Międzynarodowy znormalizowany numer książki – ISBN
ISBN 83-01-13357-0 (30 t.)
008 - POLE O STAŁEJ DŁUGOŚCI - DANE KONTROLNE
podpole kontrolne o stałej długości s pl f |000 0 pol
245 00 - TYTUŁ/ODPOWIEDZIALNOŚĆ
Tytuł Wielka encyklopedia PWN. /
Pozostałe elementy strefy tytułu i oznaczenia odpowiedzialności [red. nacz. Jan Wojnowski]
Oznaczenie części/sekcji dzieła 5,Sg - Starmach.
260 ## - STREFA ADRESU WYDAWNICZEGO
Miejsce wydania Warszawa :
Nazwa wydawcy/dystrybutora Wydaw. Naukowe PWN,
Data publikacji, dystrybucji/powstania dokumentu cop. 2004.
300 ## - STREFA OPISU FIZYCZNEGO
Objętość 576 s. :
Inne cechy fizyczne il. (gł. kolor.), fot., mapy, portr., rys., tab., wykr. ;
Rozmiary 30 cm.
650 #9 - HASŁO PRZEDMIOTOWE W FORMIE NAZWY OGÓLNEJ LUB JEDNOSTKOWEJ
Nazwa ogólna lub geograficzna Encyklopedia polska
700 1# - HASŁO DODATKOWE - NAZWA OSOBOWA
Nazwa osobowa WOJNOWSKI, Jan.
Określenie związku między hasłem a opisywanym materiałem Red.
856 ## - LOKALIZACJA I DOSTĘP DO ELEKTRONICZNYCH DOKUMENTÓW ZDALNYCH
Link (URL) http://koha.tu.koszalin.pl/cgi-bin/koha/opac-detail.pl?biblionumber=45040
Tekst linku Katalog online BPK
942 ## - DODATKOWE ELEMENTY (KOHA)
Typ dokumentu Książka
Egzemplarze
Wycofany Status egzemplarza Uszkodzony Dostępność Lokalizacja stała Lokalizacja bieżąca Miejsce przechowywania Sygnatura Kod kreskowy Dział Typ dokumentu
      Tylko na miejscu Biblioteka Politechniki Koszalińskiej Biblioteka Politechniki Koszalińskiej Czytelnia BG 73062 02181103 0/9(03) Encyklopedie. Leksykony Książka
© 2023 Biblioteka Politechniki Koszalińskiej :: KOHA